| 000 | 00404cam a22001337a 4500 | ||
|---|---|---|---|
| 008 | 180718b1975 xxu||||| |||| 00| 0 eng d | ||
| 082 | _aL69x94 El76 | ||
| 100 | _aElse-Mitchell, R. | ||
| 245 |
_aAustrilian Grants Commission _cby R. Mitchell Else |
||
| 260 |
_aCanberra _bAustrialian National University _c1975 |
||
| 300 | _a560-72p. | ||
| 440 | _aReprint series no. 11 | ||
| 650 | _aFederal Aid - Australia | ||
| 999 |
_c476634 _d476634 |
||